000 00329nam a2200157Ia 4500
100 _aWeste/ Eshraghian K
250 _a2
942 _cBK
366 _f15
654 _acmos
245 _aPrinciples of CMOS VLSI design
260 _bPearson Education
_c1993
082 _a621.395
_bWES
300 _a713
546 _aENGLISH
999 _c23089
_d23089